000 00780nam a22002897a 4500
003 OSt
005 20140331150624.0
008 140331b xxu||||| |||| 00| 0 eng d
020 _a9780590999434
050 _aLB 1049.9
_b.W628s68 1997
245 _aWho helped Ox? :
_ba folk tale about cooperation /
_ca retelling by Carmen T. Bernier-Grand.
260 _aUSA :
_bScholastic Inc.,
_cc1997.
300 _a15 p. :
_bcol. ill. ;
_c14 cm.
521 _aG1
526 _c200
650 _aReaders (Primary)
650 _aReading
_xPhonetic method.
650 _aCooperativeness
_xJuvenile literature.
942 _2lcc
_cBK
999 _c48808
_d48808